Claves de la sociología /
Se habla en esta obra de que la Sociología nace con la Revolución Francesa y se ha desarrollado paralelamente a la burguesía, de manera que la propia dinámica histórica lleva a un abandono de la sociología académica y a un interés en la social que se enfrente a la sociedad existente y propugna otro...
שמור ב:
| מחבר ראשי: | |
|---|---|
| מחברים אחרים: | |
| פורמט: | ספר |
| שפה: | ספרדית |
| יצא לאור: |
Barcelona, España :
Laia,
1981
|
| מהדורה: | 3a edición |
| נושאים: | |
| תגים: |
אין תגיות, היה/י הראשונ/ה לתייג את הרשומה!
|
MARC
| LEADER | 00000nam^a2200000^a^4500 | ||
|---|---|---|---|
| 001 | 000000167 | ||
| 005 | 20250521000000.0 | ||
| 009 | 20260310083015.942 | ||
| 020 | |a 84-7222-237-3 | ||
| 037 | |a Acervo ITESO - Biblioteca | ||
| 041 | |a ESP | ||
| 082 | |a 300. |b LAP | ||
| 100 | |a Lapassade, Georges |e (autor) | ||
| 245 | 1 | 0 | |a Claves de la sociología / |c G. Lapassade, R. Loureau ; tr. por José Luis Cano. |
| 250 | |a 3a edición | ||
| 264 | 1 | |a Barcelona, España : |b Laia, |c 1981 | |
| 300 | |a 280 p. | ||
| 336 | |a texto |b txt |2 rdacontenido | ||
| 337 | |a sin mediación |b n |2 rdamedio | ||
| 338 | |a volumen |b nc |2 rdasoporte | ||
| 500 | |a Traducción de: Clefs pour la Sociologie | ||
| 520 | |a Se habla en esta obra de que la Sociología nace con la Revolución Francesa y se ha desarrollado paralelamente a la burguesía, de manera que la propia dinámica histórica lleva a un abandono de la sociología académica y a un interés en la social que se enfrente a la sociedad existente y propugna otro tipo de sociedad. La sociología, pues, como espacio de estudio de las transformaciones sociales, los movimientos, las crisis, las luchas de clases en una sociedad en resultado del modo de producción vigente. | ||
| 649 | |a XX | ||
| 650 | |a Sociología - |x Teoría | ||
| 650 | |a Sociología - |x Investigación | ||
| 650 | |a Sociología - |x Historia | ||
| 650 | |a Sociología - |x Tema Principal | ||
| 700 | |a René, Loureau |e (autor) | ||
| 910 | |a Fondo General | ||
| 920 | |a Impresos - Libros | ||
| 930 | |a Colección General | ||
| 905 | |a 101 | ||
| 901 | |a 0001670100 |b IT1 |c ACC |i 000167 |u 20250521 | ||
| 902 | |a https://opac.biblio.iteso.mx/vufind/Record/000000167 | ||